[Event "Landsturneringen 2015"]
[Site "Oppsal arena, Oslo"]
[Date "2015.07.07"]
[Round "5"]
[White "Nilsen, Martin"]
[Black "Kjøita, Henning Jakhelln"]
[Result "0-1"]
[WhiteElo "2021"]
[BlackElo "2052"]
[PlyCount "160"]
[EventDate "2015.??.??"]
[TimeControl "6000+805"]
[WhiteClock "0:00:42"]
[BlackClock "0:37:23"]

1. e3 g6 2. c4 Bg7 3. Nc3 c5 4. d4 Nf6 5. Nf3 O-O 6. Bd3 cxd4 7. exd4 d5 8. h3
Nc6 9. O-O Be6 10. c5 Qd7 11. Bf4 Bf5 12. Ne5 Nxe5 13. Bxe5 Bxd3 14. Qxd3 Ne8
15. Bxg7 Nxg7 16. b4 Rad8 17. Rfe1 Rfe8 18. Re5 e6 19. Ree1 a6 20. a4 Qc7 21.
Rad1 Nh5 22. b5 e5 23. bxa6 bxa6 24. Qxa6 e4 25. Qb6 Qf4 26. c6 Qg5 27. Re3 Rc8
28. Qc5 Nf4 29. Rg3 Qf6 30. Nxd5 Ne2+ 31. Kh2 Qxf2 32. Rb3 e3 33. Qd6 Rcd8 34.
Nf6+ Kh8 35. Ng4 Rxd6 36. Nxf2 exf2 37. d5 Rxd5 38. Rf1 Rc5 39. Rxf2 f5 40. g4
Rxc6 41. Rd3 f4 42. g5 Rce6 43. Kg2 Re3 44. Rxe3 Rxe3 45. a5 Ra3 46. a6 f3+ 47.
Rxf3 Rxa6 48. Kf2 Nd4 49. Rc3 Ne6 50. h4 Kg7 51. Rb3 Ra7 52. Kg3 h6 53. Re3 Ra6
54. Re5 hxg5 55. hxg5 Kf7 56. Rb5 Nd4 57. Rb4 Nf5+ 58. Kf4 Ke6 59. Re4+ Kd6 60.
Rb4 Rc6 61. Ra4 Kd5 62. Ra5+ Rc5 63. Ra6 Rc4+ 64. Kf3 Ke5 65. Ra5+ Ke6 66. Ra6+
Nd6 67. Kg3 Rd4 68. Kh3 Kf5 69. Ra5+ Kf4 70. Ra1 Rd3+ 71. Kh2 Kxg5 72. Ra4 Kf5
73. Ra5+ Kf4 74. Ra4+ Ne4 75. Ra8 g5 76. Rf8+ Kg4 77. Kg1 Kg3 78. Rf1 Nc3 79.
Kh1 Rd1 80. Re1 Rxe1#
0-1

[Event "Landsturneringen 2015"]
[Site "Oppsal arena, Oslo"]
[Date "2015.07.07"]
[Round "5"]
[White "Kjøita, Torgeir Jakhelln"]
[Black "Løbersli, Henrik Øie"]
[Result "1/2-1/2"]
[WhiteElo "2000"]
[BlackElo "2007"]
[PlyCount "60"]
[EventDate "2015.??.??"]

1. e4 c5 2. Nf3 d6 3. d4 cxd4 4. Nxd4 Nf6 5. Nc3 a6 6. Bg5 e6 7. f4 Be7 8. Qd2
Qc7 9. g3 Nbd7 10. O-O-O b5 11. Bg2 Bb7 12. Rhe1 Nb6 13. e5 dxe5 14. fxe5 Nfd5
15. Bxe7 Qxe7 16. Bxd5 Bxd5 17. Nxd5 Nxd5 18. Nf5 exf5 19. Qxd5 O-O 20. Qd6
Rfe8 21. b3 g6 22. Kb2 Kf8 23. e6 Red8 24. Qe5 fxe6 25. Rxd8+ Rxd8 26. Qxe6 Re8
27. Qxe7+ Rxe7 28. Rf1 Re2 29. h4 Ke7 30. Rf3 Kd6
1/2-1/2

[Event "Landsturneringen 2015"]
[Site "Oppsal arena, Oslo"]
[Date "2015.07.07"]
[Round "5"]
[White "Machlik, Monika"]
[Black "Machlik, Edit"]
[Result "1/2-1/2"]
[WhiteElo "2042"]
[BlackElo "2014"]
[PlyCount "35"]
[EventDate "2015.??.??"]

1. c4 c5 2. Nc3 Nc6 3. g3 g6 4. Bg2 Bg7 5. Nf3 Nh6 6. d4 cxd4 7. Bxh6 Bxh6 8.
Nxd4 O-O 9. O-O Bg7 10. e3 Qb6 11. Nd5 Qd8 12. Rb1 Rb8 13. b4 b6 14. Nxc6 dxc6
15. Nf4 Bf5 16. e4 Bc8 17. Qc2 Qc7 18. Rfd1
1/2-1/2

[Event "Landsturneringen 2015"]
[Site "Oppsal arena, Oslo"]
[Date "2015.07.07"]
[Round "5"]
[White "Machlik, Endre"]
[Black "Risting, Eivind Olav"]
[Result "1/2-1/2"]
[WhiteElo "2007"]
[BlackElo "2087"]
[PlyCount "93"]
[EventDate "2015.??.??"]

1. d4 Nf6 2. c4 c5 3. d5 b5 4. Qc2 bxc4 5. e4 d6 6. Bxc4 g6 7. f4 Bg7 8. Nf3
O-O 9. O-O Ba6 10. Na3 Nfd7 11. Rb1 Nb6 12. b3 Nxc4 13. Nxc4 Nd7 14. Bb2 f6 15.
e5 dxe5 16. fxe5 Nxe5 17. Nfxe5 fxe5 18. Rxf8+ Bxf8 19. Qe4 Bxc4 20. bxc4 Bg7
21. Ba3 Rb8 22. Bxc5 Rxb1+ 23. Qxb1 Qc7 24. Qb5 Bf6 25. Bb4 e4 26. d6 exd6 27.
Qd5+ Kg7 28. Bxd6 Qb6+ 29. Bc5 Qb1+ 30. Kf2 Qxa2+ 31. Kg3 Qb3+ 32. Kf4 Qb8+ 33.
Kxe4 Qc8 34. h3 a5 35. g4 Qe8+ 36. Kd3 Qa4 37. Qb7+ Kh6 38. Bf8+ Kg5 39. Qb5+
Qxb5 40. cxb5 Bd8 41. Bc5 Kh4 42. b6 Bxb6 43. Bxb6 h5 44. Bxa5 hxg4 45. hxg4
Kxg4 46. Bd2 g5 47. Bxg5
1/2-1/2

[Event "Landsturneringen 2015"]
[Site "Oppsal arena, Oslo"]
[Date "2015.07.07"]
[Round "5"]
[White "Machlik, Jon"]
[Black "Rasmussen, Jonas H"]
[Result "0-1"]
[WhiteElo "1929"]
[BlackElo "1778"]
[PlyCount "78"]
[EventDate "2015.??.??"]

1. e4 e5 2. Nf3 Nc6 3. Bc4 Bc5 4. b4 Bxb4 5. c3 Ba5 6. d4 exd4 7. O-O d6 8. Qb3
Qe7 9. cxd4 Nf6 10. d5 Ne5 11. Bb5+ Ned7 12. e5 Ne4 13. e6 fxe6 14. dxe6 c6 15.
exd7+ Bxd7 16. Bd3 Nc5 17. Qa3 Nxd3 18. Bg5 Qe4 19. Qxa5 O-O 20. Nbd2 Qg6 21.
Qc7 Rf7 22. Qxb7 Raf8 23. h4 h6 24. Qb3 Be6 25. h5 Qf5 26. Qc3 hxg5 27. Nd4 Nf4
28. N2f3 Qg4 29. Ne1 c5 30. Qg3 Qxh5 31. Nef3 cxd4 32. Nxd4 Ne2+ 33. Nxe2 Qxe2
34. Rfe1 Qb2 35. Rad1 Bxa2 36. Rxd6 Rxf2 37. Qxg5 Qb4 38. Re7 Rf1+ 39. Kh2
Qxd6+
0-1

[Event "Landsturneringen 2015"]
[Site "Oppsal arena, Oslo"]
[Date "2015.07.07"]
[Round "5"]
[White "Tryggestad, Andreas G"]
[Black "Sajjadi, Kimiya"]
[Result "1-0"]
[WhiteElo "2139"]
[BlackElo "1730"]
[PlyCount "67"]
[EventDate "2015.??.??"]

1. e4 e6 2. d4 d5 3. Nc3 Nf6 4. Bg5 Be7 5. e5 Nfd7 6. Bxe7 Qxe7 7. f4 a6 8. Nf3
c5 9. Qd2 Nc6 10. dxc5 Qxc5 11. O-O-O b5 12. Ne2 Nb6 13. Ned4 Nc4 14. Bxc4 bxc4
15. c3 a5 16. g4 f6 17. exf6 gxf6 18. Rhe1 Nxd4 19. Nxd4 Ra6 20. g5 Kd8 21. Qf2
Qf8 22. f5 fxg5 23. Qg2 exf5 24. Qxd5+ Kc7 25. Nb5+ Kb8 26. Qe5+ Kb7 27. Nd6+
Ka8 28. Qd5+ Kb8 29. Qb5+ Ka8 30. Re8 Rxd6 31. Rxf8 Rxd1+ 32. Kxd1 Rxf8 33.
Qxa5+ Ba6 34. Qxa6+
1-0

[Event "Landsturneringen 2015"]
[Site "Oppsal arena, Oslo"]
[Date "2015.07.08"]
[Round "6"]
[White "Haug, Johannes"]
[Black "Mihajlov, Sebastian"]
[Result "0-1"]
[WhiteElo "2179"]
[BlackElo "2246"]
[PlyCount "148"]
[EventDate "2015.??.??"]
[TimeControl "6000+985"]
[WhiteClock "0:00:56"]
[BlackClock "0:08:11"]

1. d4 Nf6 2. c4 c6 3. Nc3 d5 4. cxd5 cxd5 5. Bf4 Nc6 6. e3 Bf5 7. Qb3 Na5 8.
Qa4+ Bd7 9. Bb5 Nc6 10. Qd1 e6 11. Rc1 Bb4 12. Nge2 a6 13. Bd3 Nh5 14. Bg3 Nxg3
15. hxg3 Bd6 16. Nf4 Qg5 17. Kf1 b5 18. Bb1 g6 19. Nce2 O-O 20. Nd3 Rfc8 21.
Nc5 Be8 22. Nf4 Ne7 23. Nfd3 Nf5 24. Qf3 h5 25. Ke2 a5 26. Nb7 Bc7 27. Nbc5 b4
28. Nf4 Bd6 29. Nb3 a4 30. Rxc8 Rxc8 31. Nd2 Bb5+ 32. Bd3 Bxd3+ 33. Kxd3 a3 34.
Rb1 axb2 35. Rxb2 Nxd4 36. exd4 Rc3+ 37. Ke2 Rxf3 38. Nxf3 Qd8 39. Nd3 Qc7 40.
Nxb4 Bxb4 41. Rxb4 Qc2+ 42. Nd2 Qxa2 43. Rb3 Qc2 44. Rd3 f6 45. f4 Kf7 46. Re3
Qb2 47. Rd3 g5 48. fxg5 fxg5 49. Kf1 g4 50. Ke2 Ke7 51. Kf2 Qb6 52. Nf1 e5 53.
Ne3 Qb2+ 54. Ke1 Ke6 55. dxe5 d4 56. Nf1 Qb1+ 57. Rd1 Qe4+ 58. Kf2 d3 59. Re1
Qd4+ 60. Re3 d2 61. Nxd2 Qxd2+ 62. Re2 Qd4+ 63. Re3 h4 64. gxh4 g3+ 65. Ke2
Qb2+ 66. Kf3 Qf2+ 67. Ke4 Qxg2+ 68. Kf4 Qf2+ 69. Rf3 Qh2 70. Rxg3 Qxh4+ 71. Kf3
Kxe5 72. Rg1 Qh3+ 73. Rg3 Qf1+ 74. Ke3 Qf4+ {Kd4+}
0-1

[Event "Landsturneringen 2015"]
[Site "Oppsal arena, Oslo"]
[Date "2015.07.04"]
[Round "6"]
[White "Haldorsen, Benjamin"]
[Black "Kjøita, Henning Jakhelln"]
[Result "0-1"]
[WhiteElo "2194"]
[BlackElo "2052"]
[PlyCount "60"]
[EventDate "2015.??.??"]

1. e4 c5 2. Nf3 d6 3. d4 cxd4 4. Nxd4 Nf6 5. Nc3 g6 6. Be3 Bg7 7. f3 a6 8. Qd2
h5 9. Bc4 Nbd7 10. Bb3 Nc5 11. O-O-O b5 12. Kb1 Bb7 13. Nd5 Nxb3 14. Nxb3 Bxd5
15. exd5 a5 16. Nd4 Qd7 17. Nc6 O-O 18. Bg5 e6 19. Bxf6 Bxf6 20. g4 h4 21. g5
Bg7 22. Rhe1 Rfe8 23. Qf4 exd5 24. Rxe8+ Rxe8 25. Nxa5 Re2 26. Nb3 h3 27. Rxd5
Be5 28. Qb4 Rxh2 29. Rxb5 Qf5 30. Rb8+ Kg7
0-1

[Event "Landsturneringen 2015"]
[Site "Oppsal arena, Oslo"]
[Date "2015.07.08"]
[Round "6"]
[White "Machlik, Edit"]
[Black "Nilsen, Martin"]
[Result "0-1"]
[WhiteElo "2014"]
[BlackElo "2021"]
[PlyCount "68"]
[EventDate "2015.??.??"]

1. d4 e6 2. c4 b6 3. e4 Bb7 4. Nc3 f5 5. e5 d6 6. exd6 Bxd6 7. Nf3 Nf6 8. Bd3
O-O 9. O-O Nc6 10. h3 Qe7 11. Re1 Rfe8 12. Bc2 Rad8 13. Ba4 Qf7 14. Bg5 Re7 15.
d5 Na5 16. Ne5 Bxe5 17. dxe6 Qf8 18. Nd5 Nxd5 19. cxd5 Bf6 20. Bxf6 Qxf6 21.
Bd7 Rexd7 22. exd7 Rxd7 23. Re8+ Kf7 24. Re6 Qg5 25. Qa4 Qd8 26. Rae1 Bxd5 27.
R6e5 c6 28. Rxf5+ Kg8 29. Rfe5 Bf7 30. Qg4 Nc4 31. Qf5 Nxe5 32. Qxe5 Rd1 33.
Rxd1 Qxd1+ 34. Kh2 Qd8
0-1

[Event "Landsturneringen 2015"]
[Site "Oppsal arena, Oslo"]
[Date "2015.07.08"]
[Round "6"]
[White "Tryggestad, Andreas G"]
[Black "Machlik, Endre"]
[Result "0-1"]
[WhiteElo "2139"]
[BlackElo "2007"]
[PlyCount "90"]
[EventDate "2015.??.??"]

1. e4 c6 2. Nc3 d5 3. Nf3 Bg4 4. h3 Bxf3 5. Qxf3 e6 6. d3 Nf6 7. g3 Nbd7 8. Bg2
Bb4 9. O-O O-O 10. a3 Bxc3 11. bxc3 dxe4 12. dxe4 Qa5 13. Bf4 Nc5 14. Qe3 Na4
15. Bd6 Rfe8 16. c4 e5 17. Rab1 Nb6 18. Qb3 c5 19. Rfd1 Re6 20. Bc7 Ne8 21. Bd8
Qa6 22. Qb5 Qxb5 23. cxb5 Nc4 24. Rb3 h6 25. Bf1 Ncd6 26. Ba5 b6 27. Be1 Rc8
28. Re3 Nf6 29. f3 Nfe8 30. h4 Rc7 31. a4 Rc8 32. Bh3 Nc4 33. Rc3 Ned6 34. Bf1
Na5 35. Bh3 f5 36. Rcd3 Nac4 37. exf5 Rf6 38. Bc3 Nxf5 39. f4 Rcf8 40. fxe5 Rg6
41. Kh2 Nfe3 42. h5 Rg5 43. Be6+ Kh7 44. Bxc4 Rf2+ 45. Kg1 Rg2+
0-1

[Event "Landsturneringen 2015"]
[Site "Oppsal arena, Oslo"]
[Date "2015.07.08"]
[Round "6"]
[White "Kaasen, Tor Fredrik"]
[Black "Risting, Eivind Olav"]
[Result "1-0"]
[WhiteElo "2010"]
[BlackElo "2087"]
[PlyCount "83"]
[EventDate "2015.??.??"]

1. d4 Nf6 2. Nf3 c5 3. d5 b5 4. c4 bxc4 5. Nc3 d6 6. e4 g6 7. Bxc4 Bg7 8. O-O
O-O 9. Bg5 Nfd7 10. Qd2 Re8 11. Rae1 Ba6 12. Bxa6 Nxa6 13. h4 Rb8 14. h5 Qa5
15. hxg6 hxg6 16. Re3 Qb4 17. b3 Nc7 18. Na4 Qxd2 19. Nxd2 Bd4 20. Re2 e6 21.
dxe6 Rxe6 22. Rfe1 Rbe8 23. Kf1 Ne5 24. Be3 Nb5 25. Nc4 Kg7 26. f3 f5 27. exf5
gxf5 28. Nxc5 dxc5 29. Bxd4 Nxd4 30. Rxe5 Kf6 31. f4 Rh8 32. Kf2 Rh4 33. g3
Rh2+ 34. Kf1 Rh1+ 35. Kf2 Rh2+ 36. Kf1 Ra6 37. a3 Nxb3 38. R1e2 Rxe2 39. Kxe2
Nd4+ 40. Kd3 Rc6 41. Ne3 Kg6 42. Kc4
1-0

[Event "Landsturneringen 2015"]
[Site "Oppsal arena, Oslo"]
[Date "2015.07.08"]
[Round "6"]
[White "Grønn, Eskil Ekeland"]
[Black "Machlik, Monika"]
[Result "0-1"]
[WhiteElo "1924"]
[BlackElo "2042"]
[PlyCount "62"]
[EventDate "2015.??.??"]

1. Nf3 Nf6 2. c4 e6 3. g3 a6 4. Bg2 b5 5. Nd4 c6 6. cxb5 axb5 7. Nxb5 cxb5 8.
Bxa8 d5 9. Qc2 Bd7 10. O-O Qb6 11. a4 b4 12. b3 Qa6 13. Bxd5 exd5 14. Bb2 Be7
15. d4 O-O 16. Rd1 Ne4 17. Qd3 Qf6 18. Qf3 Qg6 19. Qd3 Bf5 20. Qb5 Qd6 21. f3
Nxg3 22. e4 Nxe4 23. fxe4 Qg6+ 24. Kf1 Bh3+ 25. Ke1 Qxe4+ 26. Qe2 Bh4+ 27. Kd2
Bg5+ 28. Ke1 Qh1+ 29. Kf2 Qg2+ 30. Ke1 Qg1+ 31. Qf1 Qxf1#
0-1

[Event "Landsturneringen 2015"]
[Site "Oppsal arena, Oslo"]
[Date "2015.07.08"]
[Round "6"]
[White "Ranaldi, Lucas"]
[Black "Kyrkjebø, Marte B"]
[Result "1-0"]
[WhiteElo "2028"]
[BlackElo "1699"]
[PlyCount "99"]
[EventDate "2015.??.??"]

1. d4 d5 2. c4 c6 3. Nf3 Nf6 4. e3 g6 5. Nc3 Bg7 6. Be2 O-O 7. O-O a6 8. a4 a5
9. Qb3 e6 10. Rd1 Na6 11. Bd2 b6 12. Rac1 Bb7 13. cxd5 cxd5 14. Bxa6 Bxa6 15.
Nb5 Bxb5 16. Qxb5 Ne4 17. Rc6 Rb8 18. Qa6 Re8 19. Be1 Bf8 20. Rdc1 Nd6 21. b3
Nc8 22. Ne5 Bd6 23. h3 f6 24. Ng4 Kg7 25. f4 h5 26. Nxf6 Rf8 27. Bh4 Be7 28.
Rc7 Kh8 29. Bg5 Bxf6 30. Bxf6+ Qxf6 31. Rxc8 Rbxc8 32. Rxc8 Rxc8 33. Qxc8+ Kg7
34. Qc7+ Kh6 35. Qxb6 Qf5 36. Kh2 Qe4 37. Qd8 Kg7 38. Qxa5 Qxe3 39. Qc7+ Kf8
40. Qe5 Qxb3 41. Qf6+ Ke8 42. Qxe6+ Kd8 43. a5 Qa2 44. Qxg6 Qxa5 45. Qxh5 Ke7
46. Qe5+ Kf7 47. f5 Qd2 48. Qxd5+ Kf8 49. Qe5 Qf2 50. f6
1-0

[Event "Landsturneringen 2015"]
[Site "Oppsal arena, Oslo"]
[Date "2015.07.08"]
[Round "6"]
[White "Unhjem, Bjørn Robert Løvoll"]
[Black "Dahl, Trygve"]
[Result "1-0"]
[WhiteElo "1361"]
[BlackElo "1968"]
[PlyCount "199"]
[EventDate "2015.??.??"]

1. e4 c5 2. Nf3 e6 3. d4 cxd4 4. Nxd4 a6 5. Nc3 Qc7 6. Be2 Bb4 7. Bd2 Nf6 8.
Bf3 Nc6 9. Nxc6 bxc6 10. O-O Be7 11. Re1 d5 12. Bg5 h6 13. Bxf6 Bxf6 14. exd5
Bd7 15. dxe6 Bxe6 16. Bg4 O-O 17. Bxe6 fxe6 18. Rxe6 Be5 19. Qh5 Bd4 20. Re2
Rxf2 21. Rxf2 Bxf2+ 22. Kh1 Rf8 23. Rf1 Rf4 24. Qe2 Bd4 25. Qxa6 Rh4 26. Qc4+
Kh7 27. Qd3+ Kg8 28. h3 Be5 29. Qg6 Qd7 30. Qf5 Qe8 31. Rd1 Rf4 32. Qd3 Qh5 33.
Rf1 Rd4 34. Qf5 Qxf5 35. Rxf5 Bd6 36. Rf1 Bb4 37. Nb1 Bd6 38. g4 Re4 39. Nd2
Re2 40. Nc4 Bc7 41. Rf3 Rxc2 42. Rc3 Re2 43. a4 c5 44. a5 Re1+ 45. Kg2 Ra1 46.
Ra3 Rc1 47. Ra4 Rc2+ 48. Kf3 Rh2 49. a6 Rxh3+ 50. Ke4 Bb8 51. Ne5 Ba7 52. Nc6
Bb6 53. Ra5 Rb3 54. Ne7+ Kf7 55. Nc8 Rb4+ 56. Kd5 Bxa5 57. a7 Rxb2 58. a8=Q Bb4
59. Nd6+ Kg6 60. Ne4 Rb3 61. Qe8+ Kh7 62. Qf7 Rd3+ 63. Kc6 Rd8 64. Nf6+ Kh8 65.
Ne8 Bc3 66. Qf8+ Kh7 67. Kxc5 Bb2 68. Kc4 Ba1 69. Qf5+ Kh8 70. Nc7 Bf6 71. Nd5
Bh4 72. Nf4 Bf6 73. Nh5 Bh4 74. Qg6 Rc8+ 75. Kd5 Rc7 76. Nxg7 Bg5 77. Qe8+ Kh7
78. Ne6 Ra7 79. Nxg5+ hxg5 80. Qh5+ Kg8 81. Ke4 Ra4+ 82. Kd5 Ra5+ 83. Kc6 Kg7
84. Qe8 Ra6+ 85. Kd5 Ra2 86. Qe5+ Kh6 87. Ke6 Ra6+ 88. Kf5 Ra8 89. Qe6+ Kh7 90.
Qf7+ Kh8 91. Qh5+ Kg7 92. Qxg5+ Kh8 93. Kf4 Ra4+ 94. Kg3 Ra3+ 95. Kh4 Ra6 96.
Qe5+ Kh7 97. Qe4+ Rg6 98. Kh5 Kh8 99. Kxg6 Kg8 100. Qa8#
1-0

[Event "Landsturneringen 2015"]
[Site "Oppsal arena, Oslo"]
[Date "2015.07.08"]
[Round "6"]
[White "Nordquelle, Daniel"]
[Black "Kjøita, Torgeir Jakhelln"]
[Result "1-0"]
[WhiteElo "1870"]
[BlackElo "2000"]
[PlyCount "61"]
[EventDate "2015.??.??"]

1. e4 e5 2. Nf3 Nc6 3. Bc4 Bc5 4. c3 Nf6 5. b4 Bb6 6. d3 d6 7. Bg5 h6 8. Bh4
Be6 9. Nbd2 Rg8 10. a4 a5 11. b5 Nb8 12. O-O g5 13. Bg3 h5 14. h4 g4 15. Ng5
Qe7 16. Bxe6 fxe6 17. Qb3 Rg6 18. Nc4 Bc5 19. Rad1 Nh7 20. Nxh7 Qxh7 21. d4
exd4 22. cxd4 Bb4 23. Bf4 Nd7 24. Bg5 Qg8 25. f4 gxf3 26. Qxf3 e5 27. Ne3 exd4
28. Nd5 Rc8 29. Ne7 Ne5 30. Qh3 Rxg5 31. Nxg8
1-0

[Event "Landsturneringen 2015"]
[Site "Oppsal arena, Oslo"]
[Date "2015.07.08"]
[Round "6"]
[White "Løbersli, Henrik Øie"]
[Black "Rasmussen, Jonas H"]
[Result "1-0"]
[WhiteElo "2007"]
[BlackElo "1778"]
[PlyCount "99"]
[EventDate "2015.??.??"]

1. Nf3 Nf6 2. g3 Nc6 3. d4 e6 4. Bg2 Be7 5. O-O O-O 6. c4 d5 7. b3 Rb8 8. Nc3
dxc4 9. bxc4 b6 10. Bb2 Na5 11. Ne5 Ba6 12. Qd3 Nd7 13. Nc6 Nxc6 14. Bxc6 Nf6
15. e4 h6 16. Nb5 Bxb5 17. Bxb5 Nd7 18. f4 a6 19. Ba4 Nc5 20. Qc2 Nxa4 21. Qxa4
b5 22. Qxa6 bxc4 23. Bc3 c5 24. Qxc4 cxd4 25. Qxd4 Qxd4+ 26. Bxd4 Rb4 27. Bf2
Rxe4 28. a4 Ra8 29. a5 Ra6 30. Rfb1 Bb4 31. Ra4 Rxa5 32. Raxb4 Rxb4 33. Rxb4 e5
34. f5 Ra8 35. Kg2 f6 36. Kf3 Rd8 37. Be3 Kh7 38. g4 Rd7 39. h4 Rd8 40. g5 hxg5
41. hxg5 Kg8 42. Kg4 Rf8 43. Bc5 Rc8 44. g6 Rd8 45. Ba7 Rc8 46. Rb8 Rxb8 47.
Bxb8 Kf8 48. Bd6+ Ke8 49. Kf3 Kd7 50. Bf8
1-0

[Event "Landsturneringen 2015"]
[Site "Oppsal arena, Oslo"]
[Date "2015.07.08"]
[Round "6"]
[White "Rødsmoen, Maud"]
[Black "Kyrkjebø, Hanna B"]
[Result "1/2-1/2"]
[WhiteElo "1826"]
[BlackElo "1711"]
[PlyCount "122"]
[EventDate "2015.??.??"]

1. e4 e5 2. Bc4 Bc5 3. Nc3 Nc6 4. Qg4 g6 5. Qg3 d6 6. d3 Be6 7. Bg5 Qd7 8. Nd5
Bxd5 9. Bxd5 h6 10. Qh4 Nd4 11. Bb3 Nxb3 12. axb3 Qe6 13. Ne2 f6 14. Bd2 O-O-O
15. Qg3 f5 16. b4 Bb6 17. Qh3 Qd7 18. Be3 f4 19. Qxd7+ Kxd7 20. Bxb6 axb6 21.
d4 Nf6 22. f3 Ra8 23. Kf2 Ke6 24. c4 Nd7 25. Rhd1 Rhc8 26. dxe5 dxe5 27. Nc3 c6
28. Ra4 Ra6 29. Rxa6 bxa6 30. Ra1 Ra8 31. Ke2 Nf6 32. Na4 Nd7 33. Rd1 Rb8 34.
Nc3 Nf6 35. Ra1 a5 36. b5 c5 37. Rd1 Ke7 38. Nd5+ Nxd5 39. exd5 Kd6 40. Kd3 Rf8
41. Ke4 Rf7 42. Re1 Rf5 43. Rh1 Rf7 44. Kd3 Rf5 45. Ke2 Rf6 46. Kf2 Rf5 47. Re1
Rh5 48. Kg1 Rf5 49. Re4 Rg5 50. g3 fxg3 51. h3 Rf5 52. Kg2 Rf4 53. Kxg3 Rf6 54.
f4 Rf5 55. fxe5+ Rxe5 56. Rxe5 Kxe5 57. b3 Kf5 58. Kf3 g5 59. Kg3 h5 60. Kf3
Ke5 61. Kg3 Kf5
1/2-1/2

[Event "Landsturneringen 2015"]
[Site "Oppsal arena, Oslo"]
[Date "2015.07.08"]
[Round "6"]
[White "Sajjadi, Kimiya"]
[Black "Machlik, Jon"]
[Result "1/2-1/2"]
[WhiteElo "1730"]
[BlackElo "1929"]
[PlyCount "33"]
[EventDate "2015.??.??"]

1. d4 f5 2. c4 g6 3. Nc3 Nf6 4. h4 Bg7 5. h5 O-O 6. hxg6 hxg6 7. Bg5 d6 8. Bxf6
Bxf6 9. Qd2 e6 10. Qh6 Kf7 11. Nh3 Nc6 12. f4 Rg8 13. O-O-O Bd7 14. Qh7+ Rg7
15. Qh6 Rg8 16. Qh7+ Rg7 17. Qh6
1/2-1/2

[Event "Landsturneringen 2015"]
[Site "Oppsal arena, Oslo"]
[Date "2015.07.07"]
[Round "5"]
[White "Kyrkjebø, Marte B"]
[Black "Nordquelle, Daniel"]
[Result "1/2-1/2"]
[WhiteElo "1699"]
[BlackElo "1870"]
[PlyCount "96"]
[EventDate "2015.??.??"]

1. e4 e6 2. d3 d5 3. Qe2 Ne7 4. Nf3 c5 5. g3 g6 6. Bg2 Bg7 7. O-O O-O 8. c3
Nbc6 9. e5 Qc7 10. Re1 Rd8 11. Bf4 b5 12. Nbd2 Rb8 13. h4 h5 14. Nf1 a5 15.
N1h2 Ba6 16. Rac1 Qb6 17. g4 hxg4 18. Nxg4 d4 19. Nf6+ Kf8 20. Ng5 Nf5 21.
Ngh7+ Ke7 22. Bg5 Bxf6 23. Bxf6+ Ke8 24. Bxd8 Rxd8 25. Nf6+ Ke7 26. Qe4 Bb7 27.
c4 Rb8 28. Qe2 Nxh4 29. Bh1 bxc4 30. Rxc4 Ba6 31. Rc2 Nb4 32. Rd2 Nxa2 33. Qg4
Nf5 34. Qg5 Qa7 35. Ne4+ Kf8 36. Qf6 Nb4 37. Qh8+ Ke7 38. Qf6+ Ke8 39. Red1 Nd5
40. Qg5 Nb4 41. Nf6+ Ke7 42. Be4 Kd8 43. Ra1 Bb5 44. Kg2 Kc7 45. Rh1 Kb6 46.
Rh7 Rf8 47. Qg4 Qc7 48. Qf4 a4
1/2-1/2

[Event "Landsturneringen 2015"]
[Site "Oppsal arena, Oslo"]
[Date "2015.07.09"]
[Round "7"]
[White "Mihajlov, Sebastian"]
[Black "Nilsen, Martin"]
[Result "1-0"]
[WhiteElo "2246"]
[BlackElo "2021"]
[PlyCount "169"]
[EventDate "2015.??.??"]
[TimeControl "6000+1645"]
[WhiteClock "0:34:44"]
[BlackClock "0:04:40"]

1. d4 e6 2. c4 f5 3. Nc3 Nf6 4. Nf3 Bb4 5. Qb3 Bxc3+ 6. Qxc3 O-O 7. Bf4 d6 8.
e3 Ne4 9. Qc2 Nd7 10. Bd3 Ndf6 11. h3 c5 12. O-O cxd4 13. exd4 b6 14. Rfe1 Bb7
15. Nd2 Rc8 16. f3 Nd5 17. Bh2 Nb4 18. Qb3 Nxd2 19. Qxb4 Qg5 20. Kf2 Qh4+ 21.
Ke2 Ne4 22. Rf1 Ng3+ 23. Bxg3 Qxg3 24. Rf2 Qf4 25. Qc3 e5 26. dxe5 dxe5 27. Qd2
Qd4 28. Qc3 Qxc3 29. bxc3 Ba6 30. g4 Bxc4 31. Rd1 Bxd3+ 32. Rxd3 Rc7 33. Rf1
fxg4 34. hxg4 Kf7 35. Rb1 Re8 36. Ke3 Rec8 37. c4 Ke7 38. Rbd1 Rf8 39. Rd5 Ke6
40. Rd6+ Ke7 41. R6d5 Kf6 42. Rd6+ Kg5 43. Rh1 g6 44. Rd5 Kf6 45. Rd6+ Kg7 46.
Rd5 Rff7 47. Rc1 Rc5 48. Rxc5 bxc5 49. Rd1 h5 50. Rd5 h4 51. Rxe5 h3 52. Kf2 h2
53. Kg2 Rxf3 54. Kxh2 Rf2+ 55. Kg3 Rxa2 56. Rxc5 Kh6 57. Rb5 a6 58. Rd5 Rc2 59.
Rc5 Rc3+ 60. Kf4 g5+ 61. Ke4 a5 62. Rc6+ Kg7 63. c5 a4 64. Kd5 Rd3+ 65. Ke6 a3
66. Ra6 Re3+ 67. Kd7 Rd3+ 68. Ke6 Re3+ 69. Kd6 Rd3+ 70. Ke5 Re3+ 71. Kd4 Rg3
72. c6 Rxg4+ 73. Kd3 Rg3+ 74. Kc4 Rg1 75. Rxa3 Rc1+ 76. Rc3 Re1 77. Kd5 Re8 78.
c7 Rc8 79. Kd6 Kg6 80. Kd7 Ra8 81. c8=Q Rxc8 82. Rxc8 Kh5 83. Ke6 Kh4 84. Kf5
Kh5 85. Rh8#
1-0

[Event "Landsturneringen 2015"]
[Site "Oppsal arena, Oslo"]
[Date "2015.07.09"]
[Round "7"]
[White "Kjøita, Henning Jakhelln"]
[Black "Haug, Johannes"]
[Result "1-0"]
[WhiteElo "2052"]
[BlackElo "2179"]
[PlyCount "81"]
[EventDate "2015.??.??"]
[TimeControl "6000+680"]
[WhiteClock "0:07:15"]
[BlackClock "0:01:06"]

1. e4 c6 2. d4 d5 3. e5 c5 4. c3 Nc6 5. f4 cxd4 6. cxd4 Nh6 7. Nf3 Bg4 8. Bb5
Nf5 9. e6 Bxf3 10. Bxc6+ bxc6 11. exf7+ Kxf7 12. Qxf3 Nxd4 13. Qd3 c5 14. Be3
e6 15. Bxd4 cxd4 16. O-O Qb6 17. Nd2 Be7 18. Nf3 Bf6 19. g4 g6 20. Kh1 Rhe8 21.
Rf2 Rac8 22. Rg1 Qc5 23. f5 gxf5 24. gxf5 e5 25. Qa6 e4 26. Ng5+ Bxg5 27. Rxg5
d3 28. Rfg2 Qb6 29. Qa4 Rc1+ 30. Rg1 Rxg1+ 31. Rxg1 Re7 32. Qd1 Qe3 33. Qh5+
Kf8 34. f6 Re6 35. Rg8+ Kxg8 36. Qg4+ Kf7 37. Qg7+ Ke8 38. f7+ Kd7 39. f8=Q+
Kc6 40. Qc3+ Kd7 41. Qcc8#
1-0

[Event "Landsturneringen 2015"]
[Site "Oppsal arena, Oslo"]
[Date "2015.07.09"]
[Round "7"]
[White "Machlik, Endre"]
[Black "Haldorsen, Benjamin"]
[Result "1/2-1/2"]
[WhiteElo "2007"]
[BlackElo "2194"]
[PlyCount "69"]
[EventDate "2015.??.??"]

1. d4 Nf6 2. c4 c5 3. d5 b5 4. Qc2 bxc4 5. e4 g6 6. Bxc4 d6 7. f4 Bg7 8. Nf3
O-O 9. O-O Nbd7 10. Bd2 Rb8 11. Bc3 Nb6 12. Nbd2 e6 13. dxe6 fxe6 14. f5 Nxc4
15. Nxc4 exf5 16. e5 Ne4 17. Nxd6 Nxc3 18. Qxc3 Qxd6 19. exd6 Bxc3 20. bxc3 Rb6
21. Rad1 Rd8 22. Rfe1 Kf8 23. Re7 Rdxd6 24. Rde1 Re6 25. Rxa7 Rxe1+ 26. Nxe1
Be6 27. Nf3 Rb1+ 28. Kf2 Rb2+ 29. Kg3 h6 30. Ne5 g5 31. Ng6+ Kg8 32. Ne7+ Kf8
33. Ng6+ Kg8 34. Ne7+ Kf8 35. Ng6+
1/2-1/2

[Event "Landsturneringen 2015"]
[Site "Oppsal arena, Oslo"]
[Date "2015.07.09"]
[Round "7"]
[White "Machlik, Monika"]
[Black "Kaasen, Tor Fredrik"]
[Result "1/2-1/2"]
[WhiteElo "2042"]
[BlackElo "2010"]
[PlyCount "71"]
[EventDate "2015.??.??"]

1. d4 Nf6 2. c4 e6 3. Nc3 Bb4 4. Qc2 O-O 5. a3 Bxc3+ 6. Qxc3 b6 7. Bg5 Bb7 8.
f3 d6 9. e3 Nbd7 10. Bd3 c5 11. Ne2 Rc8 12. O-O d5 13. cxd5 exd5 14. dxc5 bxc5
15. Bf5 Rc6 16. b4 Re8 17. Bxd7 Qxd7 18. bxc5 Ba6 19. Rfe1 Bxe2 20. Rxe2 d4 21.
Qd3 dxe3 22. Qxd7 Nxd7 23. Rxe3 Rec8 24. Re7 Nxc5 25. Rxa7 h6 26. Be3 Ne6 27.
Rd1 Rc2 28. Rad7 Ra2 29. R7d3 Ra8 30. Bc1 Rc8 31. Be3 Ra8 32. Bc1 Rc8 33. Be3
Ra8 34. Bc1 Rc8 35. Be3 Ra8 36. Bc1
1/2-1/2

[Event "Landsturneringen 2015"]
[Site "Oppsal arena, Oslo"]
[Date "2015.07.09"]
[Round "7"]
[White "Risting, Eivind Olav"]
[Black "Unhjem, Bjørn Robert Løvoll"]
[Result "1-0"]
[WhiteElo "2087"]
[BlackElo "1361"]
[PlyCount "137"]
[EventDate "2015.??.??"]

1. d4 Nf6 2. Bg5 e6 3. e4 Be7 4. e5 Nd5 5. Bxe7 Qxe7 6. c4 Nb6 7. Nf3 O-O 8.
Nc3 d6 9. exd6 cxd6 10. Be2 d5 11. c5 N6d7 12. O-O b6 13. b4 a5 14. a3 Bb7 15.
Qb3 Nf6 16. Ne5 Ne4 17. Rfd1 f6 18. Nf3 Nd7 19. Rac1 bxc5 20. bxc5 Nexc5 21.
dxc5 Nxc5 22. Qa2 Rac8 23. Nd4 Kh8 24. a4 Ba6 25. Ncb5 Ne4 26. h3 Rxc1 27. Rxc1
Rc8 28. Rxc8+ Bxc8 29. Qc2 Qc5 30. Bd3 Qxc2 31. Bxc2 Nc5 32. Nc6 Nb7 33. Nba7
Bd7 34. Bd3 Bxc6 35. Nxc6 g6 36. Ba6 Nc5 37. Bb5 Nb7 38. Nd4 Nc5 39. Kf1 Kg7
40. Ke2 Kf7 41. f3 e5 42. Nc6 Nb7 43. Ba6 Nc5 44. Bb5 Nb7 45. Bd3 Ke6 46. Kd2
Kd6 47. Na7 f5 48. Kc3 Nc5 49. Bc2 Ne6 50. g4 fxg4 51. fxg4 Nf4 52. h4 Ng2 53.
h5 gxh5 54. gxh5 h6 55. Nc8+ Kd7 56. Bf5+ Kc7 57. Ne7 Nf4 58. Bg4 d4+ 59. Kc4
Ng2 60. Nf5 Ne3+ 61. Nxe3 dxe3 62. Kd5 Kb6 63. Be2 Kc7 64. Kxe5 Kd7 65. Kd5 Ke7
66. Kc5 Kd7 67. Kb5 Kd6 68. Kxa5 Kc5 69. Bb5
1-0